Responses for show #3291 - Monday, December 21, 1998

James Arey game 5.

Contestants

Martha Thomas, a communications center director from Columbia, South Carolina

Erik Andersen, a law student originally from Anaheim, California

James Arey, a hotel concierge from New Orleans, Louisiana (whose 4-day cash winnings total $33,303)

Jeopardy! Round responses

WY WYOMING?
DOG TALES
NONPOTENT POTABLES
OH COME ALL YE FAITHFUL
DECK THE "HALL"s
THAT'S PHONY!
    $100 6
Come home

Erik
    $100 13
Orange juice

James
    $100 11
Arnold Palmer

Martha
    $100 1
Annie Hall

James
    $100 18
The Wizard of Oz

James
    $200 7
Jack London

Erik
    $200 14
Instant coffee

Erik
    $200 12
Professional wrestling

James
    $200 2
Monty Hall

James
    $200 20
(M: What is an imposter?)

Pretender

JamesMartha
    $300 26
(M: What is Donner?)

Oregon Trail

Martha
Triple Stumper
    $300 8
101 Dalmatians

Triple Stumper
    $300 19
Shirley Temple

James
    $300 15
Elvis Presley

Martha
    $300 3
Tom T. Hall

Triple Stumper
    $300 21
(J: What is Trompe L'Oeil?)

Facade

James
Triple Stumper
    $500 27
Buffalo

James
    $400 9
Isaac Asimov

Erik
    $400 24
(less than a minute to go, Martha...)

Emmett Culligan

Martha
    $400 16
(Alex: Can we see that again?...that's Steve Tamerius from our staff, Steve's been hiding out in the back room for too long!)

University of Nebraska

Erik
    $400 4
"From the halls of Montezuma"

James
    $400 22
Fraud

Erik
    $500 28
(buzzer sounds)

Snake River

Erik
    $500 10
Richard Adams

Erik
    $500 25
Tea

James
    $500 17
Trekkers

Triple Stumper
    $500 5
Fawn Hall

James
    $500 23
Hypocrite

Erik

Scores at the first commercial break (after clue 14):

James Erik Martha
$1,500 $1,400 $100

Scores at the end of the Jeopardy! Round:

James Erik Martha
$2,800 $3,200 $300

Double Jeopardy! Round responses

20th CENTURY OPERA
AFFAIRS OF STATE
(Alex: Be careful with that one!)
STARS OF THE SILENT SCREEN
IMAGINARY LAW FIRMS
THE FIRST
NOEL
    $200 2
Finland

James
    $200 4
Lyndon B. Johnson

Erik
    $200 18
Stan Laurel

James
    $200 6
Nod

James
    $200 24
Edgar Allan Poe

Martha
    $200 1
Peter Pan

James
    $400 3
Children

Erik
    $400 5
(J: Who is FDR?)

Warren G. Harding

James
Triple Stumper
    $400 19
Captain Ahab

James
    $400 10
Tom, Dick & Harry

Triple Stumper
    $400 25
Life

James
    $400 12
D.W. Griffith

James
    $600 7
Maria Callas

Martha
    $500 23
Grover Cleveland

James
    $600 20
Ben-Hur

James
    $600 11
(E: What is to buy?)

Willing & Able

Erik
Triple Stumper
    $600 26
Smith-Corona

James
    $600 13
(J: Who is Maureen McCormick?)
(Alex: I knew you were wrong when you were saying it!)

Florence Henderson

James
Triple Stumper
    $800 8
Of Mice And Men

Martha
    $800 21
Ronald Colman

Triple Stumper
    $800 16
Atchison, Topeka & Santa Fe

James
    $800 27
(buzzer sounds)

"Mary Had A Little Lamb"

James
    $800 14
Lynn Fontanne

James
    $1000 9
Luigi Pirandello

James
    $1000 22
(minute to go approximately, James..)

Pearl White

James
    $1000 17
(James: What is steal?)

Howe

JamesMartha
    $900 15
Richard Burton & Elizabeth Taylor

James

Scores at the end of the Double Jeopardy! Round:

James Erik Martha
$9,800 $3,200 $2,900
(lock game)

[wagering suggestions for these scores]

Final Jeopardy! Round responses

TOYS
(Alex: Hey, we were talking about it earlier!)
(Alex: James, now you have your choice of two Camaros or the other vehicles. Which one did you select?)
(James: The Tahoe.)
(Alex: Here's the key. We'll see you in the Tournament of Champions. Three new players tomorrow. So long everybody!)
MarthaWhat is an Erector Set?
$2,800
ErikWhat is Slinky?
$2,700
JamesWhat is an Erector Set?
$301
Slinky

Final scores:

James Erik Martha
$9,499 $5,900 $100
5-day champion: $42,802 2nd place: Tour to Australia & New Zealand 3rd place: Pair of Jaguar Friendship Watches

Game dynamics:

Coryat scores:

James Erik Martha
$9,900 $3,200 $2,900
27 R
(including 3 DDs),
4 W
11 R,
1 W
7 R,
2 W

Combined Coryat: $16,000

The J! Archive is created by fans, for fans. The Jeopardy! game show and all elements thereof, including but not limited to copyright and trademark thereto, are the property of Jeopardy Productions, Inc. and are protected under law. This website is not affiliated with, sponsored by, or operated by Jeopardy Productions, Inc. Join the discussion at JBoard.tv.